Chansons de XG - Mort subite - Statistiques

Statistiques générales
  • Ce quiz a été pris 74 fois
  • Le résultat moyen est 13 sur 18
Answers on the Grid
Answers color-coded by a green-red scale on the quiz's grid according to % correct below.
SHOOTING STAR
IS THIS LOVE
Baddie
MASCARA
THIS IS FOR
WOKE UP
LEFT RIGHT
Tippy Toes
DICE
I CAN'T STOP ME
IYKYK
NEW DANCE
Better Things
MILLION PLACES
HOWLING
GRL GVNG
Up & Down
PUPPET SHOW
Teddy Bear
IN THE RAIN
SNEAKERS
I DO ME
WINTER WITHOUT YOU
TOMBOY
TGIF
Magnetic
SOMETHING AIN'T RIGHT
X-GENE
After School
UNDEFEATED
 
Statistiques - réponses
Réponse % Correct
WOKE UP
86%
LEFT RIGHT
82%
SHOOTING STAR
82%
MASCARA
81%
X-GENE
79%
HOWLING
77%
IYKYK
77%
PUPPET SHOW
77%
IS THIS LOVE
75%
GRL GVNG
74%
SOMETHING AIN'T RIGHT
74%
TGIF
74%
NEW DANCE
72%
Tippy Toes
70%
IN THE RAIN
60%
UNDEFEATED
60%
WINTER WITHOUT YOU
56%
MILLION PLACES
53%
Aucun quiz correspondant
Distribution des résultats
% des personnes avec chaque résultat
Percentile par nombre de réponses
Votre historique - résultats
Vous n’avez pas pris ce quiz